=LDR 00000nam 2200000 4500 =001 INLIS000000000006742 =005 20251113014626 =035 ##$$a 0010-1125000616 =007 ta =008 251113###########################0#ind## =082 ##$$a 363.96 =084 ##$$a 363.96 BAD u =100 #$$a Badan Koordinasi Keluarga Berencana Nasional =245 1#$$a Upaya Percepatan Penurunan Anhka Kelahiran Melalui Gerakan Keluarga Berencana /$c Badan Koordinasi Keluarga Berencana Nasional =260 ##$$a Jakarta :$b Badan Koordinasi Keluarga Berencana Nasional =300 ##$$a 9 Hal : $b Ilus ; $c 21 =650 #4$$a Keluarga Berencana =856 ##$$a Perpustakaan Kemendukbangga